Ma kezdődik a néptáncfesztivál
Elmentve itt :
| Dokumentumtípus: | Cikk |
|---|---|
| Megjelent: |
1975-07-12
|
| Sorozat: | Délmagyarország
65 No. 162 |
| Kulcsszavak: | néptáncfesztivál |
| Online Access: | http://dmarchiv.bibl.u-szeged.hu/120936 |
| LEADER | 00410nab a2200145 i 4500 | ||
|---|---|---|---|
| 001 | delm120936 | ||
| 005 | 20190424085026.0 | ||
| 008 | 190424s1975 hu o 0|| hun d | ||
| 040 | |a SZTE Délmagyarország Archívum |b hun | ||
| 041 | |a hun | ||
| 245 | 0 | 0 | |a Ma kezdődik a néptáncfesztivál |h [elektronikus dokumentum] |
| 260 | |c 1975-07-12 | ||
| 300 | |a 5 | ||
| 490 | 0 | |a Délmagyarország |v 65 No. 162 | |
| 695 | |a néptáncfesztivál | ||